000 00346nam a2200145Ia 4500
005 20250313151531.0
008 240331s9999 xx 000 0 und d
082 _bGAN
_a894
100 _aGanesalingam, S
245 0 _aSadangu
260 _aVadapalani
_bKumaran Publishers
_c1994
300 _a256 p .,
500 _aWomen Based novel
942 _cL
999 _c3757
_d3757